Talay ukhalli khelyanni: amonechin shigmyachin gitan. (Record no. 99230)

MARC details
000 -LEADER
fixed length control field 00654nam a2200193Ia 4500
003 - CONTROL NUMBER IDENTIFIER
control field OSt
005 - DATE AND TIME OF LATEST TRANSACTION
control field 20260523114911.0
008 - FIXED-LENGTH DATA ELEMENTS--GENERAL INFORMATION
fixed length control field 210210b1992 xxu||||| |||| 00| 0 eng d
040 ## - CATALOGING SOURCE
Transcribing agency AL
041 ## - LANGUAGE CODE
Language code of text/sound track or separate title Konkani
082 ## - DEWEY DECIMAL CLASSIFICATION NUMBER
Classification number 891.461 NAYT
100 ## - MAIN ENTRY--PERSONAL NAME
Personal name NAYAK (Jayanti).
Dates associated with a name जयंती नायक
9 (RLIN) 264447
245 ## - TITLE STATEMENT
Title Talay ukhalli khelyanni: amonechin shigmyachin gitan.
Remainder of title तळय उखळ्ली खेळयांनी: आमोणेचीं शिगमोचीं गीतां
260 ## - PUBLICATION, DISTRIBUTION, ETC.
Place of publication, distribution, etc. Gonya.
Name of publisher, distributor, etc. Gova Konkani Akademi.,
Date of publication, distribution, etc. 1992
300 ## - PHYSICAL DESCRIPTION
Extent xxiii,101
690 ## - LOCAL SUBJECT ADDED ENTRY--TOPICAL TERM (OCLC, RLIN)
Topical term or geographic name as entry element Konkani Poetry
9 (RLIN) 264448
906 ## - LOCAL DATA ELEMENT F, LDF (RLIN)
a 050544
942 ## - ADDED ENTRY ELEMENTS (KOHA)
Source of classification or shelving scheme Dewey Decimal Classification
Koha item type Book
Holdings
Withdrawn status Lost status Source of classification or shelving scheme Damaged status Not for loan Collection code Home library Current library Date acquired Cost, normal purchase price Total Checkouts Full call number Barcode Date last seen Uniform Resource Identifier Price effective from Koha item type Shelving location
    Dewey Decimal Classification     Konkani St Aloysius Library St Aloysius Library 02/17/2021 35.00   891.461 NAYT 050544 02/17/2021 https://archive.org/stream/tolloiukhollikhe0000jaya/tolloiukhollikhe0000jaya_djvu.txt 02/17/2021 Book  
    Dewey Decimal Classification     Konkani St Aloysius Library St Aloysius Library 02/17/2021 35.00   891.461 NAYT 050543 02/17/2021   02/17/2021 Book